| 000 | 00806nam a2200253 a 4500 | ||
|---|---|---|---|
| 001 | 000016663 | ||
| 005 | 20200929164938.0 | ||
| 008 | 100308s1941 sp 000 f spa d | ||
| 040 |
_aDO-SdBNP _bspa _cBNPHU |
||
| 082 |
_a863.3 _bQ5vi |
||
| 100 | 1 |
_aQuevedo, Francisco de, _d1580-1645 _96261 |
|
| 245 | 1 | 0 |
_aVida del buscón / _cQuevedo ; prólogo y notas de Luys Santa Marina. |
| 260 |
_aMadrid : _bEspasa-Calpe, _c1941. |
||
| 300 |
_av. ; _c18 cm. |
||
| 490 | 1 |
_aClásicos castellanos _v5 |
|
| 500 | _aIncluye notas al pie de las páginas | ||
| 500 | _aLa biblioteca posee el volumen 1. | ||
| 650 | 4 |
_aNovela española _91123 |
|
| 650 | 4 |
_aLiteratura española _9632 |
|
| 700 | 1 |
_aSantana Marina, Luys, _cPról. _937012 |
|
| 830 | 0 |
_aClásicos castellanos _v5 _94180 |
|
| 910 | _aWM | ||
| 049 | _aBNPD | ||
| 999 |
_c16196 _d16196 |
||